01761nam a2200289 4500001000400000003000400004005001700008008004100025020001800066040000800084041001300092082001500105100003000120240003300150245008700183250001900270260004200289300001100331520099200342650002501334650001401359650002001373650001201393655001201405655001601417700003801433198OSt20250528074014.0250203b |||||||g |||| 00| 1 eng d a9788528612271 bpor hengapor a813bD353p1 aDelinsky, Barbara,d1945- aThe passions of Chelsea Kane aPaixões perigosas /cDelinsky, Barbara ; Tradução de A. B. Pinheiro de Lemos a3° edição aRio de JaneirobBertrand Brasilc2013 a518 p. aDepois da morte de sua mãe adotiva, Chelsea Kane, 36 anos, é dominada pela necessidade de descobrir quem são seus pais biológicos. Ela tira uma folga de seu bem-sucedido escritório de arquitetura e vai para a pequena cidade onde nasceu, determinada a descobrir a verdade. Em sua busca, encontrará fortes desafios ao coração e ameaças graves à integridade física. Originalmente escrito em 1992, "Paixões Perigosas", de Barbara Delinsky, está sendo relançado nos Estados Unidos numa luxuosa edição de capa dura, pois, segundo seu editor, "é um clássico, poderoso e inesquecível, talvez o melhor romance desta magnífica autora". Poucas escritoras traduzem tão bem os problemas da alma feminina como a norte-americana Barbara Delinsky. Com personagens memoráveis e uma narrativa envolvente, Paixões Perigosas é o livro que garantiu à escritora um sucesso estrondoso no mundo inteiro. O Brasil estava à espera desse merecido êxito.  0aLiteratura Americana 0aChick Lit 0aAmor e Paixão 0aFamilia 0aRomance 0aFicção  aA. B. Pinheiro de LemoseTradutor